Statistics for Every BROCKHAMPTON song

Click here to take the quiz!

General Stats

  • This quiz has been taken 167 times
  • The average score is 42 of 95

Answer Stats

YearAlbumSong% Correct
2017SATURATIONGOLD
84%
2017SATURATION 3BOOGIE
81%
2017SATURATIONHEAT
79%
2017SATURATION 2SUMMER
78%
2017SATURATION 2GUMMY
77%
2017SATURATIONFACE
75%
2017SATURATION 2QUEER
75%
2017SATURATION 2SWEET
73%
2017SATURATION 3BLEACH
71%
2017SATURATIONWASTE
71%
2018Single1999 WILDFIRE
70%
2017SATURATION 3TEAM
70%
2017SATURATION 2JUNKY
69%
2017SATURATIONSTAR
69%
2018Single1997 DIANA
68%
2017SATURATION 3CINEMA 1
67%
2017SATURATION 3CINEMA 2
67%
2017SATURATION 3CINEMA 3
67%
2017SATURATION 3RENTAL
67%
2017SATURATION 3SISTER/NATION
67%
2017SATURATION 3ZIPPER
67%
2018Single1998 TRUMAN
66%
2015SingleDirt
65%
2017SATURATIONSKIT 1
64%
2017SATURATIONSKIT 2
64%
2017SATURATIONSKIT 3
64%
2017SATURATION 2GAMBA
62%
2017SATURATIONBOYS
61%
2017SATURATION 2SCENE
61%
2017SATURATION 2SCENE 2
61%
2017SATURATIONBANK
59%
2017SATURATION 3JOHNNY
59%
2017SATURATIONMILK
59%
2017SATURATION 3ALASKA
58%
2017SATURATION 3HOTTIE
58%
2017SATURATION 2SWAMP
58%
2017SATURATION 2TOKYO
57%
2017SATURATIONBUMP
56%
2017SingleCANNON
56%
2017SATURATION 2JELLO
55%
2017SATURATION 2SUNNY
55%
2017SATURATIONFAKE
53%
2017SATURATION 2JESUS
53%
2017SATURATION DEMOSLAMB
53%
2017SATURATION 3STAINS
53%
2017SATURATIONSWIM
53%
2017SATURATION2PAC
52%
2017SATURATION 2FIGHT
50%
2017SATURATION 3STUPID
50%
2017SATURATIONTRIP
49%
2016ALL-AMERICAN TRASHMICHIGAN
48%
2017SATURATIONCASH
47%
2017SATURATION 3LIQUID
47%
2016ALL-AMERICAN TRASHPALACE
47%
2017SATURATION 2TEETH
47%
2017SATURATION 2CHICK
44%
2016ALL-AMERICAN TRASHBEN CARSON
40%
2016ALL-AMERICAN TRASHFLIP MO
36%
2016ALL-AMERICAN TRASHINFATUATION
36%
2016ALL-AMERICAN TRASHHOME
33%
2018SingleTonya
33%
2016ALL-AMERICAN TRASHENCINO
29%
2016ALL-AMERICAN TRASHLOST IN LOVE
29%
2016ALL-AMERICAN TRASHBREAKFAST
27%
2016ALL-AMERICAN TRASHCOTTON HOLLOW
27%
2016ALL-AMERICAN TRASHCONTACTS
26%
2016ALL-AMERICAN TRASHPOISON
26%
2017SATURATION DEMOSFOLLOW
25%
2016ALL-AMERICAN TRASHMOSSCLIFF
23%
2017SATURATION DEMOSPEACH
23%
2015SingleBet I
18%
2017SATURATION DEMOSMARCH
17%
2015SingleHero
16%
2017SATURATION DEMOSGOLD (Draft)
15%
2017SATURATION DEMOSBOBBY
14%
2017SATURATION DEMOSFIGHT (Draft)
14%
2017SATURATION DEMOSHEAT (Draft)
14%
2017SATURATION DEMOSPERF
14%
2017SATURATION DEMOSSUNNY (Draft)
14%
2017SATURATION DEMOSGEMINI
13%
2017SATURATION DEMOSJUNKY (Draft)
13%
2017SATURATION DEMOSSATURATION 2055
12%
2017SATURATION DEMOSSATURATION 234
12%
2017SATURATION DEMOSSATURATION 003
11%
2017SATURATION DEMOS4-26-17 guitar loop
10%
2017SATURATION DEMOSSATURATION 002
10%
2017SATURATION DEMOSSATURATION 203
10%
2017SATURATION DEMOSSATURATION 284
10%
2017SATURATION DEMOSSATURATION 305
10%
2017SATURATION DEMOSSATURATION 306
10%
2017SATURATION DEMOSSATURATION 325
10%
2017SingleQUIVER
9%
2018SingleDON'T BE FAMOUS
8%
2017SingleSLOWBURN
4%
2017SingleSATURATION 389
3%

Score Distribution

Percentile by Number Answered

Percent of People with Each Score

Your Score History

You have not taken this quiz